Normal view MARC view

Entry Personal Name

Number of records used in: 1

001 - CONTROL NUMBER

  • control field: 9084

003 - CONTROL NUMBER IDENTIFIER

  • control field: DLC

005 - DATE AND TIME OF LATEST TRANSACTION

  • control field: 20220919102314.0

008 - FIXED-LENGTH DATA ELEMENTS

  • fixed length control field: 950612n| azannaabn |a aaa c

010 ## - LIBRARY OF CONGRESS CONTROL NUMBER

  • LC control number: nr 95021626

035 ## - SYSTEM CONTROL NUMBER

  • System control number: (OCoLC)oca03861399

035 ## - SYSTEM CONTROL NUMBER

  • System control number: (CaEvSKY)skya5797787

040 ## - CATALOGING SOURCE

  • Original cataloging agency: NIC
  • Language of cataloging: eng
  • Description conventions: rda
  • Transcribing agency: NIC
  • Modifying agency: NmU
  • Modifying agency: MX-MoT

100 1# - HEADING--PERSONAL NAME

  • Personal name: Gilat, Amos

373 ## - ASSOCIATED GROUP

  • Associated group: Ohio State University
  • Source of term: naf

375 ## - GENDER

  • Gender: Males
  • Source of term: lcdgt

377 ## - ASSOCIATED LANGUAGE

  • Language code: eng

400 1# - SEE FROM TRACING--PERSONAL NAME

  • Personal name: Gilat, A.
  • Fuller form of name: (Amos)

670 ## - SOURCE DATA FOUND

  • Source citation: Mechanical testing of ceramics and ceramic composites, c1994:
  • Information found: t.p. (Amos Gilat, Ohio St. Univ.) cover (A. Gilat)

Powered by Koha